Giáo trình chủ nghĩa xã hội khoa học : (Dùng trong các trường đại học và cao đẳng) /
Lược khảo lịch sử tư tưởng xã hội chủ nghĩa. Vị trí, đối tượng, phương pháp và chức năng của chủ nghĩa xã hội khoa học. Xã hội xã hội chủ nghĩa. Sứ mệnh lịch sử của giai cấp công nhân. Cách mạng xã hội chủ nghĩa. Thời đại ngày nay. Nền dân chủ xã hội chủ nghĩa và nhà nước xã hội chủ nghĩa. Liên minh...
Kaydedildi:
| Diğer Yazarlar: | |
|---|---|
| Materyal Türü: | Kitap |
| Dil: | Vietnamese |
| Baskı/Yayın Bilgisi: |
Hà Nội :
Chính trị quốc gia,
2005.
|
| Konular: | |
| Etiketler: |
Etiketle
Etiket eklenmemiş, İlk siz ekleyin!
|
| Thư viện lưu trữ: | Mạng thư viện Đại học Đà Nẵng |
|---|
| LEADER | 02227cam a2200385 a 4500 | ||
|---|---|---|---|
| 001 | 000043707 | ||
| 003 | 1750 | ||
| 005 | 20070727091740.0 | ||
| 008 | 010217b2005 vm 000 vie | ||
| 020 | |c 17500 | ||
| 040 | |a LRC |c LRC |d LRC | ||
| 041 | 0 | |a vie | |
| 082 | 1 | 4 | |a 335.423 |2 21 |b Gi-T |
| 245 | 0 | 0 | |a Giáo trình chủ nghĩa xã hội khoa học : |b (Dùng trong các trường đại học và cao đẳng) / |c Đỗ Nguyên Phương (chủ biên). |
| 260 | |a Hà Nội : |b Chính trị quốc gia, |c 2005. | ||
| 300 | |a 312 tr. ; |c 21 cm. | ||
| 520 | 3 | |a Lược khảo lịch sử tư tưởng xã hội chủ nghĩa. Vị trí, đối tượng, phương pháp và chức năng của chủ nghĩa xã hội khoa học. Xã hội xã hội chủ nghĩa. Sứ mệnh lịch sử của giai cấp công nhân. Cách mạng xã hội chủ nghĩa. Thời đại ngày nay. Nền dân chủ xã hội chủ nghĩa và nhà nước xã hội chủ nghĩa. Liên minh giữa công nhân với nông dân và trí thức trong thời kỳ quá độ lên chủ nghĩa xã hội. Vấn đề dân tộc trong quá trình xây dựng chủ nghĩa xã hội. Vấn đề gia đình và xây dựng gia đình trong thời kỳ quá độ lên chủ nghĩa xã hội. Vấn đề nguồn lực con người trong quá trình xây dựng chủ nghĩa xã hội. Cách mạng xã hội chủ nghĩa trên lĩnh vực tư tưởng văn hoá. | |
| 630 | 0 | 4 | |a Chính trị. |
| 630 | 0 | 4 | |a Chủ nghĩa xã hội. |
| 650 | 0 | 4 | |a Khoa học chính trị. |
| 650 | 0 | 4 | |a Xã hội chủ nghĩa |x Lý thuyết. |
| 650 | 0 | 4 | |a Chủ nghĩa xã hội khoa học |x Giáo trình. |
| 700 | 1 | |a Đỗ Nguyên Phương, |c GS. TS., |e chủ biên. | |
| OWN | |a DUT | ||
| AVA | |a UDN50 |b DUT |c Book |d 335.423 Gi-T |e available |t Error 5001 Not defined in file expand_doc_bib_avail. |f 10 |g 0 |h N |i 1 |j SH |k 1 | ||
| 999 | |a From the UDN01 | ||
| AVA | |a UDN50 |b DUT |c Book |d 335.423 Gi-T |e available |t Error 5001 Not defined in file expand_doc_bib_avail. |f 10 |g 0 |h N |i 1 |j SH |k 1 | ||
| TYP | |a Monograph | ||
| TYP | |a Printed language | ||
| 980 | |a Mạng thư viện Đại học Đà Nẵng | ||